|
|
|
|
| LEADER |
00000cam a2200000 a 4500 |
| 001 |
vtls011628009 |
| 003 |
SK-MaSNL |
| 005 |
20260301182036.0 |
| 008 |
200205s2017 xo o g 000 0 slo |
| 015 |
|
|
|a SNBA2017/06
|
| 020 |
|
|
|a 9788055154084
|q (viaz.)
|
| 035 |
|
|
|a urn:nbn:sk:snk-am00d5kn
|
| 035 |
|
|
|a urn:nbn:sk:snk-am3hqfo
|
| 035 |
|
|
|a E8E0E53F-F86C-488E-816F-0D7BE4C1AC4F
|
| 040 |
|
|
|a SNK
|b slo
|c SNK
|e AACR2
|
| 041 |
1 |
|
|a slo
|h ger
|
| 044 |
|
|
|a xo
|c SK
|
| 072 |
|
7 |
|a 17
|x Etika. Morálna filozofia
|2 konspekt
|
| 080 |
|
|
|a 17.02
|2 2011
|
| 080 |
|
|
|a (0:82-84)
|2 2011
|
| 080 |
|
|
|a 17.024.4
|2 2011
|
| 130 |
0 |
|
|a (J)uhu geschafft!
|l Slovensky
|9 555364
|
| 245 |
1 |
0 |
|a Klobúk dolu!
|c [z nemeckého originálu preložila Zuzana Bohušová]
|
| 250 |
|
|
|a 1. vyd.
|
| 260 |
|
|
|a Bratislava
|b Ikar
|c 2017
|
| 300 |
|
|
|a [46] s.
|b fareb. fotogr.
|c 12 cm
|
| 490 |
1 |
|
|a Srdečne
|
| 650 |
0 |
7 |
|a životná múdrosť
|2 SNKPH
|9 4008
|
| 650 |
0 |
7 |
|a Life wisdom
|2 SNKPHeng
|9 305004
|
| 650 |
0 |
7 |
|a úspech
|2 SNKPH
|9 3804
|
| 650 |
0 |
7 |
|a Succes
|2 SNKPHeng
|9 276243
|
| 655 |
|
7 |
|a citáty
|2 SNKPH
|9 70419
|
| 655 |
|
7 |
|a aforizmy
|2 SNKPH
|9 1250
|
| 655 |
|
7 |
|a Quotations
|2 SNKPHeng
|9 302733
|
| 655 |
|
7 |
|a Aphorisms
|2 SNKPHeng
|9 297683
|
| 700 |
1 |
|
|a Bohušová, Zuzana,
|d 1969-
|4 trl
|9 246657
|
| 830 |
|
0 |
|a Srdečne
|9 347045
|
| 852 |
|
|
|a Štátna vedecká knižnica v Banskej Bystrici
|
| 919 |
|
|
|a 978-80-551-5408-4
|
| 958 |
|
|
|a OP
|
| 968 |
|
|
|b DT
|
| 999 |
|
|
|c 852213
|d 854143
|
| 952 |
|
|
|a SNK
|b SNK
|y PREZ
|7 0
|p 17A1259846
|o snkSE 13406
|i snk2017/12858
|8 0
|0 0
|1 0
|4 0
|d 2017-06-01
|f 1
|l 0
|r 2026-02-24 04:45:34
|w 2026-02-24
|
| 952 |
|
|
|a SNK
|b SNK
|y VYP
|7 0
|p 17A1259847
|o snkSE 13406 D1
|i snk2017/12859
|8 0
|0 0
|1 0
|4 0
|d 2017-06-01
|l 0
|r 2026-02-24 04:45:34
|w 2026-02-24
|